00416nam a2200157Ia 4500008004100000020001700041040001900058041001200077082002500089100002200114245004100136260003200177300002100209504001800230650001000248131103s9999 xx 000 0 und d aSBN224618946 aLoreto College aEnglish a160/HARbLCLIB/18991 aHarris, Thomas A. 4aThe Book of choicecThomas A. Harris aLondonbJonathan capec1970 axix,278p c 22cm aInclude index aLogic